Economic Situation in Norway after the Outbreak of the Global Financial and Oil Crises in the Context of EU Integration Trends
Analýza vplyvu globálnej finančnej krízy a následnej ropnej krízy na EÚ a integračné trendy v Nórsku. Vplyv ropného a plynárenského priemyslu na hospodársku situáciu a prosperitu Nórska a pohľad na vplyv politickej a hospodárskej stability na integráciu do EÚ.
Enregistré dans:
| Auteur principal: | |
|---|---|
| Autres auteurs: | |
| Format: | Chapitre de livre |
| Langue: | anglais |
| Sujets: | |
| Tags: |
Pas de tags, Soyez le premier à ajouter un tag!
|
MARC
| LEADER | 00000nla a2200000 4500 | ||
|---|---|---|---|
| 001 | 0246887 | ||
| 005 | 20240502083659.0 | ||
| 041 | 0 | |a eng | |
| 044 | |a UA | ||
| 245 | 1 | 0 | |a Economic Situation in Norway after the Outbreak of the Global Financial and Oil Crises in the Context of EU Integration Trends |
| 520 | |a Analýza vplyvu globálnej finančnej krízy a následnej ropnej krízy na EÚ a integračné trendy v Nórsku. Vplyv ropného a plynárenského priemyslu na hospodársku situáciu a prosperitu Nórska a pohľad na vplyv politickej a hospodárskej stability na integráciu do EÚ. | ||
| 610 | 2 | 0 | |a Nórsko |
| 610 | 2 | 0 | |a Európska únia |
| 610 | 2 | 0 | |a kríza hospodárska |
| 610 | 2 | 0 | |a kríza finančná |
| 610 | 2 | 0 | |a priemysel plynárenský |
| 610 | 2 | 0 | |a ropa |
| 610 | 2 | 0 | |a integrácia ekonomická medzinárodná |
| 610 | 2 | 0 | |a rozvoj hospodársky |
| 610 | 2 | 0 | |a stabilita hospodárstva |
| 610 | 2 | 0 | |a stabilita finančná |
| 100 | 1 | |a Lipková, Ľudmila | |
| 700 | 1 | |a Hovorková, Katarína, 1992- | |